| 000 | 00769nam a22002537a 4500 | ||
|---|---|---|---|
| 001 | 27835 | ||
| 003 | UA-OsUOA | ||
| 005 | 20210916113529.0 | ||
| 007 | ta | ||
| 008 | 20040914b un ||||| |||| 00| 0 ukr d | ||
| 040 |
_aUA-OsUOA _brus _cUA-OsUOA _dUA-OsUOA |
||
| 041 | _arus | ||
| 044 | _aRU | ||
| 080 | _a792(091) | ||
| 090 |
_a792(091) _bБ30 |
||
| 100 | _aБахрушин Ю. А. | ||
| 245 |
_aИстория русского балета _bучеб. пособие _cЮ. А. Бахрушин ; ред. М. Н. Белых |
||
| 260 |
_aМосква _bПросвещение _c1973 |
||
| 300 |
_a255 с. _bІлюстрації |
||
| 650 | 7 | _2UDC | |
| 942 |
_cBK _2udc |
||
| 955 | _a0 | ||
| 999 |
_c314187 _d314187 |
||